000 00418nam a22001457a 4500
020 _qHB.
040 _cFIZZA ISHAQ
082 _a927
_bBER
100 _a Berenson , Bernard.
_9134379
245 _aSunset and Twilight: From the Diaries of 1947-1958 /
_c Bernard Berenson.
250 _a First Edition.
260 _aNew York:
_b Harcourt Brace & World,
_c1963.
300 _axxu , 547 P. ;
_c24 cm
942 _2ddc
_cBK
999 _c617357
_d617357